Ancient History and Archaeology | 3 | 13.33 | 100% | 33% | 0% |
Beliefs | 9 | 15.56 | 89% | 56% | 11% |
British and Commonwealth History | 2 | 15.00 | 100% | 50% | 0% |
Current Events | 1 | 10.00 | 100% | 0% | 0% |
Fine Arts - Auditory Fine Arts | 7 | 12.86 | 100% | 29% | 0% |
Fine Arts - Visual Fine Arts | 4 | 10.00 | 100% | 0% | 0% |
Geography | 1 | 20.00 | 100% | 100% | 0% |
History - American History | 7 | 15.71 | 86% | 71% | 0% |
History - European History | 2 | 10.00 | 100% | 0% | 0% |
History - World History | 6 | 13.33 | 83% | 17% | 33% |
Literature - American Literature | 3 | 10.00 | 67% | 33% | 0% |
Literature - British Literature | 4 | 12.50 | 100% | 25% | 0% |
Literature - European Literature | 4 | 12.50 | 100% | 25% | 0% |
Other Arts: Auditory | 2 | 5.00 | 0% | 0% | 50% |
Other Science: Computer Science | 1 | 10.00 | 100% | 0% | 0% |
Other Science: Earth Science | 1 | 10.00 | 100% | 0% | 0% |
Other Science: Math | 2 | 5.00 | 50% | 0% | 0% |
Philosophy | 3 | 16.67 | 67% | 33% | 67% |
Science - Biology | 4 | 15.00 | 100% | 50% | 0% |
Science - Chemistry | 6 | 5.00 | 33% | 0% | 17% |
Science - Physics | 3 | 13.33 | 67% | 33% | 33% |
Social Science | 3 | 13.33 | 33% | 33% | 67% |
World and Other Literature | 2 | 20.00 | 100% | 100% | 0% |